Statistics for George Michael - songs by albums

Click here to take the quiz!

General Stats

  • This quiz has been taken 94 times
  • The average score is 15 of 53

Answer Stats

Hint Answer % Correct
Faith (1987)Faith
95%
Father Figure
68%
Free
67%
I Want Your Sex (Parts I & II)
63%
Freedom! '90
62%
Older (1996)Jesus to a Child
60%
Older
59%
Fastlove
49%
Monkey
49%
Patience (2004)Patience
46%
One More Try
44%
Star People
40%
Kissing a Fool
39%
Spinning the Wheel
39%
Amazing
38%
Listen Without Prejudice Vol. 1 (1990)Praying for Time
37%
Cowboys and Angels
32%
Shoot the Dog
28%
Hand to Mouth
28%
You Have Been Loved
26%
Flawless (Go to the City)
24%
Waiting (Reprise)
24%
Hard Day
24%
Heal the Pain
24%
Roxanne
23%
John and Elvis Are Dead
22%
Look at Your Hands
22%
Freeek! '04
22%
Waiting for That Day
21%
Mother's Pride
18%
The Strangest Thing
16%
Round Here
16%
Something to Save
15%
Soul Free
15%
They Won't Go When I Go
15%
Through
13%
My Mother Had a Brother
13%
Move On
13%
Miss Sarajevo
13%
Songs from the Last Century (1999)Brother, Can You Spare a Dime?
13%
To Be Forgiven
13%
It Doesn't Really Matter
12%
The First Time Ever I Saw Your Face
12%
My Baby Just Cares for Me
12%
Please Send Me Someone (Anselmo's Song)
11%
You've Changed
11%
American Angel
11%
Secret Love
10%
Wild Is the Wind
10%
Precious Box
10%
Cars and Trains
10%
I Remember You
7%
Where or When / It's All Right with Me
4%

Score Distribution

Percentile by Number Answered

Percent of People with Each Score

Your Score History

You have not taken this quiz